00781 2200205 4500001002100000005001700021008004100038035002500079040001200104082001500116084001900131090001900150245023000169260002800399300003700427500004900464650003100513700001900544850001200563INLIS00000000000180920150209144516.0  a0010-021500000000093 aYOPDYOG a915.982471 a915.982471 Sis a915.982471 Sis aSISI Berita : Wisata religi, sumur berusia ratusan tahun Gresik Jawa Timur, pelestarian kesenian tradisional...[rekaman video]c/ penanggung jawab Mahendra Wisnu ; editor Sulaiman, Antonius, Syaifullah ; prosedur, Prita Laura aJakartabMetro TVc2013 aDVD : digital, stereo ; 4 3/4 in aProgram Metro TV ; tanggal tayang 16/07/2013 aIndustri pariwisata-Gresik aMahendra Wisnu aYOPDYOG